000 00751nas a2200277 4500
001 BR9201097
003 BR-BrBNA
005 20231205092341.0
007 ta
008 230509b bl.|||p| |||| 00| 00por d
040 _aBR-BrBNA
_bpor
_cBiblioteca Nacional de Agricultura
041 _a(Pt)
072 _aM12
100 1 _aAraujo Neta, M. de
245 1 _aAlimentacao e transporte de peixes
650 _aPEIXE
650 _aPRODUCAO ANIMAL
650 _aREPRODUCAO ANIMAL
650 _aNUTRICAO ANIMAL
650 _aEMBALAGEM
650 _aTRANSPORTE
650 _aPRATICO
773 0 _tCerrado (Brazil)
_xISSN 0100-0578
_g(Sep 1972), v. 5(17) p. 24-26
_wBR9201097
909 _a202311
_bLúcia
_c55
_dLúcia Elande
942 _2AGRIS
_n0
_cANA
999 _c131122
_d131122